Small and Medium-Sized Enterprises in an Underdeveloped and Developed Region

Regionálna politika štátu v sleduje teóriu endogénneho regionálneho rozvoja. Prezentáca čiastkových výsledkov výskumu malých a stredných v regiónoch s rôznymi úrovňami rozvoja. Rozdiely v kvalitatívnych charakteristikách malých a stredných podnikov v zaostalom a rozvinutom regióne.

Gespeichert in:
Bibliographische Detailangaben
1. Verfasser: Čapková, Soňa
Weitere Verfasser: Kaščáková, Alena, Kluchová, Adriana
Format: Buchkapitel
Sprache:Englisch
Schlagworte:
Tags: Tag hinzufügen
Keine Tags, Fügen Sie das erste Tag hinzu!

MARC

LEADER 00000nla a2200000 4500
001 0246677
005 20230105132028.7
041 0 |a eng 
044 |a SK 
245 1 0 |a Small and Medium-Sized Enterprises in an Underdeveloped and Developed Region  |c Soňa Čapková, Alena Kaščáková, Adriana Kluchová 
520 |a Regionálna politika štátu v sleduje teóriu endogénneho regionálneho rozvoja. Prezentáca čiastkových výsledkov výskumu malých a stredných v regiónoch s rôznymi úrovňami rozvoja. Rozdiely v kvalitatívnych charakteristikách malých a stredných podnikov v zaostalom a rozvinutom regióne. 
610 2 0 |a politika regionálna 
610 2 0 |a podnik malý 
610 2 0 |a podnik stredný 
610 2 0 |a rozvoj regionálny 
610 2 0 |a podnikanie 
610 2 0 |a ukazovatele kvalitatívne 
610 2 0 |a ukazovatele kvantitatívne 
100 1 |a Čapková, Soňa 
700 1 |a Kaščáková, Alena 
700 1 |a Kluchová, Adriana